Регионална библиотека "Любен Каравелов" - Русе

Избрани творби (Запис номер 179809)

MARC детайли
000 -Лидер
Контролно поле с фиксирана дължина 01605nam a2200361 c 4500
003 - Код на организацията, давaща контролен номер
Контролно поле BLK
005 - Дата и час на последна редакция
Контролно поле 20240815102538.0
008 - Елементи от данни с фиксирана дължина
fixed length control field 180411b bul|||||r ||||||| ||bul||
010 ## - Наследен системен номер
LC control number KNG00188614000
040 ## - Източник на каталожния запис
Идентификатор на билиотеката - собственик на записа BLK
041 ## - Код за език
Код за езика на текст/звукозапис или на отделно заглавие Български
Код за езика КДБФ Български
072 #7 - Код за тематичната категория
Код организация bullib
Код за тематична категория Н83
Текст Чужда художествена литература Н
080 ## - УДК
Текстов определител УДК Френска литература
УДК код - определител по УДК 821.133.1
УДК определител (081.2)
УДК - код + определител 821.133.1(081.2)
080 ## - УДК
Текстов определител УДК Френска литература
УДК код - определител по УДК 821.133.1
УДК определител -31
УДК - код + определител 821.133.1-31
100 1# - Редна дума - Автор
Автор Юго, Виктор
Авторска отговорност първи автор
R(LIN) 366073
139 ## - Редно поле
Редна дума Юго, Виктор
Авторски знак Юг - Ю 13
245 10 - Сведения за заглавието
Заглавие Избрани творби
Подзаглавни данни В 8 т. За том: Роман
Редно поле (дума) Виктор Юго; прев. от фр. на том Ерма Албертова Гечева.
Том Т. 4
Заглавие на том Човекът, който се смее
257 ## - Страна на издаване
Страна на създаване/издаване Франция
260 ## - Област на издателските данни
-- София
Име на издателя, разпространителя и проч. Нар. култура
Година на издаване 1988 -
300 ## - Физическа характеристика
Размери/Мащаб 21 см
380 ## - Жанр
Жанр Худож. лит.
500 ## - Общи забележки
Забележка Офс. изд.
653 ## - Ключова дума – ненормативна
Ключова дума романи
659 ## - Тематичен бюлетин
Тематичен бюлетин Н
700 1# - Други автори (авторска отговорност)
Лично име Гечева, Ерма Албертова
Автороска отговорност (Описва отношението между автора и произведението) прев. от фр. на том
9 (RLIN) 367512
760 1# - Описание на основната серия
Редна дума на основното описание Юго, Виктор
Място на издаване, издател и година 1988
Страници - том 632 с.
Забележка - том 1. изд. [1929] на изд. Ив. Г. Игнатов и синове. - Ориг. загл. L'homme qui rit / Victor Hugo.
Заглавие Т. 4 Човекът, който се смее
852 ## - Местоположение
Форматна сигнатура Цб 151965
856 4# - Електронен адрес и достъп
Електронен формат pdf - файл
Път до файла /url/
856 4# - Електронен адрес и достъп
Електронен формат pdf - файл
Път до файла /url/
942 ## - АРТИКУЛИ
Вид на библиотечния материал Книги
Скрит в OPAC Не
Koha issues (borrowed), all copies 8
944 ## - СЪЗДАВАНЕ И РЕДАКЦИЯ на ЗАПИСА
Създаване/Редакция Създаване
Дата на регистрацията/редакция 22.06.2016
Статус, дата на статуса Цветомила Тодорова
Служител, извършил регистрацията/редакцията 30576
944 ## - СЪЗДАВАНЕ И РЕДАКЦИЯ на ЗАПИСА
Създаване/Редакция Редакция
Дата на регистрацията/редакция 19.12.2017
Статус, дата на статуса ф /
Служител, извършил регистрацията/редакцията Людмила_Стоянова
999 ## - СИСТЕМНИ КОНТРОЛНИ НОМЕРА
Koha biblionumber 179809
Koha biblioitemnumber 179809
Наличности
Код за отписване Код за изгубен артикул Код за повреда Коз за рестрикции Код за отдаване Артикулен № Име на библиотеката - собственик Име на библиотеката, в която се намира в момента Статус (Текущо местоположение) Дата на вписване в системата Местоположение - отдел Цена в лева Инвентарен номер Систематично азбучна сигнатура Баркод Номер на екземпляра Цена в евро Служебна бележка Служебен тип на артикула Източник на класификационната схема
  Не е изгубен Не е повреден без рестрикции заемане за дома 308408 Регионална библиотека "Любен Каравелов" Русе Регионална библиотека "Любен Каравелов" Русе Заемна - подръчен фонд 2016-06-21 Заемна - подръчен фонд 18.00 120000801398 П 840(081)/Ю 13 120000801398 1 9.20 Дост: DA Вид: А N: 23 Дата: 21.06.2016 Дата инв: 12.02.2018 Бележки инв: П2018 Книги  
  Не е изгубен Не е повреден без рестрикции ползва се в читалня 308409 Регионална библиотека "Любен Каравелов" Русе Регионална библиотека "Любен Каравелов" Русе Хранилище 1988-01-01 Хранилище 4.58 511059 Цб 151965 120000511059 2 2.34 Дост: Dp Вид: Д N: стар фонд Дата: 01.01.1988 Книги Universal Decimal Classification
  Не е изгубен Не е повреден без рестрикции заемане за дома 308410 Регионална библиотека "Любен Каравелов" Русе Регионална библиотека "Любен Каравелов" Русе Заемна - подръчен фонд 1988-01-01 Заемна - подръчен фонд 4.58 511721 П 840(081)/Ю 13 120000511721 3 2.34 Дост: Pk Вид: Ф N: стар фонд Дата: 01.01.1988 Дата инв: 16.02.2018 Бележки инв: П2018 Книги Universal Decimal Classification
Изтеглен Не е изгубен Не е повреден без рестрикции заемане за дома 308411 Регионална библиотека "Любен Каравелов" Русе Регионална библиотека "Любен Каравелов" Русе Заемна - подръчен фонд 1988-01-01 Заемна - подръчен фонд 4.58 511724 П 840(081)/Ю 13 511724 4 2.34 Дост: Pk Вид: Ф N: стар фонд Дата: 01.01.1988 Дата инв: 12.02.2018 Бележки инв: П2018 Книги Universal Decimal Classification
Изтеглен Не е изгубен Не е повреден без рестрикции заемане за дома 308412 Регионална библиотека "Любен Каравелов" Русе Регионална библиотека "Любен Каравелов" Русе Заемна - подръчен фонд 2017-12-14 Заемна - подръчен фонд 16.00 120000817884 П 840(081)/Ю 13 120000817884 5 8.18 Дост: DA Вид: А N: 44 Дата: 14.12.2017 Дата инв: 12.02.2018 Бележки инв: П2018 Книги Universal Decimal Classification
Vip Innovations Ltd, Rousse, Bulgaria 2025